Frontiers legal theory (Record no. 296392)
[ view plain ]
| 000 -LEADER | |
|---|---|
| fixed length control field | 00389nam a2200157Ia 4500 |
| 008 - FIXED-LENGTH DATA ELEMENTS--GENERAL INFORMATION | |
| fixed length control field | 240404s9999 xx 000 0 und d |
| 020 ## - INTERNATIONAL STANDARD BOOK NUMBER | |
| International Standard Book Number | 9780674279315 |
| 041 ## - LANGUAGE CODE | |
| Language code of text/sound track or separate title | English |
| 082 ## - DEWEY DECIMAL CLASSIFICATION NUMBER | |
| Classification number | 340.1 POS;1 R |
| 100 ## - MAIN ENTRY--PERSONAL NAME | |
| Personal name | Posner, Richard. |
| 245 #0 - TITLE STATEMENT | |
| Title | Frontiers legal theory |
| 260 ## - PUBLICATION, DISTRIBUTION, ETC. | |
| Date of publication, distribution, etc. | 2001 |
| Name of publisher, distributor, etc. | Harvard University Press |
| Place of publication, distribution, etc. | Cambridge |
| 300 ## - PHYSICAL DESCRIPTION | |
| Extent | 463 |
| 650 ## - SUBJECT ADDED ENTRY--TOPICAL TERM | |
| Topical term or geographic name entry element | Legal |
| 942 ## - ADDED ENTRY ELEMENTS (KOHA) | |
| Koha item type | Books |
| Date last seen | Total checkouts | Full call number | Accession number | Cost, total (INR) price | Price effective from | Category | Lost status | Damaged status | Withdrawn status | Home library | Current library | Shelving location | Entry date | Vendor | Cost, normal purchase price | Grants | Billnumber | Billdate | Currency symbol | Conversion rate | Discount | PO number |
|---|---|---|---|---|---|---|---|---|---|---|---|---|---|---|---|---|---|---|---|---|---|---|
| 04/04/2024 | 340.1 POS;1 R | LL3180 | 736.30 | 04/04/2024 | Law Books | Law Library | Law Library | 27/03/2024 | MPP House | 995.00 | Law | 1518 | 16/03/2024 | RS | 1 | 26 | NULL |
